Independence From Whom: South America - Map Quiz - Statistics

General Stats
  • This quiz has been taken 420 times
  • The average score is 10 of 12
Answers on the Map
Answers color-coded by a green-red scale on the quiz's map according to % correct below.
 
Answer Stats
Country Year Independence From % Correct
Brazil 1822 Portugal
100%
Argentina 1816 Spain
100%
Chile 1818 Spain
100%
Colombia 1819 Spain
100%
Paraguay 1811 Spain
100%
Guyana 1966 United Kingdom
93%
Suriname 1975 Netherlands
92%
Ecuador 1830 Gran Colombia
90%
Venezuela 1830 Gran Colombia
90%
Uruguay 1828 United Provinces of the Rio de la Plata
78%
Bolivia 1839 Peru-Bolivian Confederation
25%
Peru 1839 Peru-Bolivian Confederation
25%
No matching quizzes found
Score Distribution
Percent of People with Each Score
Percentile by Number Answered
Your Score History
You have not taken this quiz